Statistics for First 20 Countries to join Eurovision

Click here to take the quiz!

General Stats

  • This quiz has been taken 136 times
  • The average score is 19 of 20

Answer Stats

Debut Year Country % Correct
1956Germany
98%
1960Norway
98%
1956France
98%
1956Belgium
97%
1956Italy
97%
1957United Kingdom
96%
1961Spain
96%
1958Sweden
96%
1956Luxembourg
95%
1956Switzerland
95%
1957Denmark
94%
1964Portugal
94%
1965Ireland
94%
1957Austria
93%
1956Netherlands
93%
1961Finland
92%
1961Yugoslavia
84%
1959Monaco
83%
1971Malta
80%
1973Israel
80%

Score Distribution

Percentile by Number Answered

Percent of People with Each Score

Your Score History

You have not taken this quiz